000 004500000a22001930004500
001 1484
003 CO-MdFUSB
005 20170605175413.0
008 170605b xxu||||| |||| 00| 0 eng d
020 _a958-04-8623-9
040 _cCO-MdBIC
082 0 4 _a863C M45ew
100 1 _aMckee, David
245 1 0 _aElmer y Wilbur / David Mckee
260 _aBogotá : Norma
300 _a32 P.
650 1 4 _aCuentos infantiles ingleses
942 _cLGB
999 _c48645
_d48645